000 00949nam a2200313 a 4500
001 000114195
003 CHAP
005 20230324124634.0
008 171116s2004 mx |r| ||||f|spa d
010 _a110656
011 _a111628
020 _a9707310294
040 _cCHAP
082 0 4 _a863.64
_bP43
100 1 _aPérez-Reverte, Arturo
_9134098
245 1 3 _aEl capitán Alatriste /
_cpor Arturo Pérez Reverte y Carlota Pérez Reverte.
260 _aMéxico, D.F. :
_bPunto de Lectura,
_c2004.
300 _a258 p.
490 _aLas aventuras del capitán Alatriste
_v1
590 _aE11695DGD
_b10
_c20171119
_lUCH01
_h1340
590 _aE5765TAJ
_b05
_c20171116
_lUCH01
_h1131
650 1 4 _aLiteratura española.
_967124
650 1 4 _aNovela española
_ySigloXX.
_9134100
700 1 _aPérez Reverte, Carlota
_9134099
830 4 _aLas aventuras del capitán Alatriste
_v1
_9134101
901 _aBK
942 _cLIBRO
942 _n0
999 _c110656
_d110656